[Event "IRI-ch sf"]
[Site "Lorestan"]
[Date "2019.11.09"]
[Round "2"]
[White "Atakhan, Abtin"]
[Black "Daneshpour, SA."]
[Result "1-0"]
[WhiteElo "2314"]
[BlackElo "2012"]
[PlyCount "77"]
[EventDate "2019.11.08"]
[EventType "swiss"]
[EventRounds "9"]
[EventCountry "IRI"]
[SourceTitle "CBM 193 Extra"]
[Source "ChessBase"]
[SourceDate "2020.01.31"]
[SourceVersion "1"]
[SourceVersionDate "2020.01.31"]
[SourceQuality "1"]

1. Nf3 Nf6 2. c4 g6 3. Nc3 Bg7 4. e4 d6 5. d4 0-0 6. Be2 e5 7. 0-0 Nc6 8. d5 Ne7 9. Ne1 Nd7 10. Be3 f5 11. f3 f4 12. Bf2 g5 13. Rc1 Rf6 14. c5 dxc5 15. b4 cxb4 16. Nb5 c6 17. Nxa7 Rxa7 18. Bxa7 cxd5 19. exd5 Nf5 20. Qc2 Nd6 21. Qc7 Qe8 22. Bb5 Bf8 23. Bf2 Rh6 24. h3 Be7 25. Nd3 Bd8 26. Qxc8 Nxc8 27. Rxc8 e4 28. Nc5 e3 29. Be1 Kg7 30. Bxd7 Qe5 31. Rxd8 Qd4 32. Ne6+ Rxe6 33. dxe6 e2+ 34. Rf2 Qd1 35. Rxe2 Qxe2 36. Bf2 h5 37. Ba4 Qxe6 38. Bd4+ Kg6 39. Bc2+ 1-0

[Event "Bushehr Lian op 7th"]
[Site "Bushehr"]
[Date "2015.11.15"]
[Round "8"]
[White "Nadimifar, Adnan"]
[Black "Daneshpour, SA."]
[Result "1-0"]
[WhiteElo "2178"]
[BlackElo "2035"]
[PlyCount "105"]
[EventDate "2015.11.11"]
[EventType "swiss"]
[EventRounds "9"]
[EventCountry "IRI"]
[SourceTitle "CBM 169 Extra"]
[Source "ChessBase"]
[SourceDate "2015.12.18"]
[SourceVersion "1"]
[SourceVersionDate "2015.12.18"]
[SourceQuality "1"]

1. d4 g6 2. e4 Bg7 3. Nc3 c5 4. dxc5 Qa5 5. Bd2 Qxc5 6. Nd5 Na6 7. Nf3 e6 8. Bc3 Bxc3+ 9. Nxc3 Qb4 10. Qd2 Nf6 11. 0-0-0 Nxe4 12. Nxe4 Qxe4 13. Bb5 Qb4 14. Bxd7+ Bxd7 15. Qxd7+ Kf8 16. Rd4 Qe7 17. Rhd1 Qxd7 18. Rxd7 Nc5 19. Rc7 Na6 20. Rxb7 Nc5 21. Rc7 Na6 22. Rc4 Ke7 23. Ne5 Kf6 24. f4 Rhd8 25. b4 Rxd1+ 26. Kxd1 g5 27. Ng4+ Kf5 28. Ne3+ Kg6 29. f5+ Kf6 30. fxe6 fxe6 31. b5 Rd8+ 32. Ke2 Nb8 33. Rc7 Rd7 34. Rc5 Rb7 35. Ng4+ Kg6 36. Ne5+ Kf6 37. Ng4+ Kg6 38. a4 a6 39. c4 axb5 40. Rxb5 Rxb5 41. cxb5 Kf5 42. h3 h5 43. Nf2 Kf4 44. a5 Nd7 45. b6 g4 46. b7 Nb8 47. hxg4 hxg4 48. Nd3+ Kg3 49. Kf1 e5 50. Nc5 e4 51. Nxe4+ Kh2 52. Nc5 g3 53. a6 1-0

[Event "Bushehr Lian op 7th"]
[Site "Bushehr"]
[Date "2015.11.14"]
[Round "6"]
[White "Barzigar Touchahi, Behrang"]
[Black "Daneshpour, SA."]
[Result "1-0"]
[WhiteElo "2185"]
[BlackElo "2035"]
[PlyCount "91"]
[EventDate "2015.11.11"]
[EventType "swiss"]
[EventRounds "9"]
[EventCountry "IRI"]
[SourceTitle "CBM 169 Extra"]
[Source "ChessBase"]
[SourceDate "2015.12.18"]
[SourceVersion "1"]
[SourceVersionDate "2015.12.18"]
[SourceQuality "1"]

1. d4 Nf6 2. Nf3 g6 3. c4 Bg7 4. Nc3 0-0 5. e4 d6 6. Be2 e5 7. 0-0 Nc6 8. d5 Ne7 9. Nd2 a5 10. a3 c5 11. Rb1 b6 12. b4 axb4 13. axb4 Ne8 14. bxc5 bxc5 15. Qb3 f5 16. Qb6 Qd7 17. Bb2 Bh6 18. Rfd1 Ra6 19. Qb5 Qd8 20. Ra1 Rb6 21. Qa5 Nf6 22. Bc1 Bd7 23. Bd3 Nh5 24. Nf3 Bxc1 25. Rdxc1 Nf4 26. Bf1 fxe4 27. Nxe4 Nh3+ 28. gxh3 Rxf3 29. Rab1 Rb8 30. Qxd8+ Rxd8 31. Bg2 Rf4 32. Nxd6 Bf5 33. Rb6 Bd3 34. Nb7 Rdf8 35. d6 Nc8 36. Rc6 Bf5 37. Rxc5 Nb6 38. Rxe5 Bc8 39. c5 Rxf2 40. cxb6 Rb2 41. Bd5+ Kg7 42. Rf1 Bxb7 43. Rxf8 Kxf8 44. d7 Rb1+ 45. Kf2 Rb2+ 46. Ke3 1-0

[Event "IRI-chT"]
[Site "Iran"]
[Date "2005.09.30"]
[Round "11"]
[White "Daneshpour, SA."]
[Black "Ezzati, Fereidoon"]
[Result "0-1"]
[WhiteElo "2106"]
[BlackElo "2259"]
[PlyCount "98"]
[EventDate "2005.05.26"]
[EventType "team"]
[EventRounds "11"]
[EventCountry "IRI"]
[SourceTitle "CBM 106 Extra"]
[Source "ChessBase"]
[SourceDate "2005.07.01"]
[SourceVersion "1"]
[SourceVersionDate "2005.07.01"]
[SourceQuality "1"]

1. g3 f5 2. Bg2 Nf6 3. d3 g6 4. f4 Bg7 5. Nf3 d6 6. 0-0 0-0 7. e4 e5 8. Nc3 Nc6 9. Kh1 Qe8 10. fxe5 dxe5 11. Bg5 Be6 12. exf5 gxf5 13. Qe2 Qh5 14. Bh4 h6 15. Rae1 Nd7 16. Nb5 Rac8 17. Nfd4 Qxe2 18. Rxe2 Nxd4 19. Nxd4 exd4 20. Rxe6 c6 21. Re7 Ne5 22. Bh3 Ng6 23. Rxb7 Nxh4 24. gxh4 Rce8 25. Bxf5 Re2 26. Rg1 Rf7 27. Bd7 Rff2 28. Rxg7+ Kxg7 29. Bg4+ Kg6 30. Bxe2 Rxe2 31. Rxa7 Rxc2 32. Rb7 c5 33. Kg1 Rd2 34. Rb3 Kf5 35. Kf1 Kf4 36. Ke1 Rxh2 37. a4 Ke3 38. Kf1 Rxh4 39. a5 Rf4+ 40. Kg2 c4 41. dxc4+ d3 42. a6 Rf8 43. Rb6 d2 44. Rd6 Ra8 45. Re6+ Kd3 46. b4 Rd8 47. a7 d1Q 48. Rd6+ Rxd6 49. a8Q Rg6+ 0-1

[Event "IRI-chT"]
[Site "Iran"]
[Date "2005.05.26"]
[Round "1"]
[White "Mooses, Gegham"]
[Black "Daneshpour, SA."]
[Result "1/2-1/2"]
[WhiteElo "2210"]
[BlackElo "2106"]
[PlyCount "62"]
[EventDate "2005.05.26"]
[EventType "team"]
[EventRounds "11"]
[EventCountry "IRI"]
[SourceTitle "CBM 106 Extra"]
[Source "ChessBase"]
[SourceDate "2005.07.01"]
[SourceVersion "1"]
[SourceVersionDate "2005.07.01"]
[SourceQuality "1"]

1. e4 d6 2. d4 Nf6 3. Nc3 g6 4. Bc4 Bg7 5. Qe2 Nc6 6. e5 Ng4 7. Bb5 0-0 8. Bxc6 bxc6 9. Nf3 Rb8 10. h3 Nh6 11. 0-0 Qd7 12. Rb1 Nf5 13. Bf4 c5 14. dxc5 dxc5 15. Rfd1 Nd4 16. Nxd4 cxd4 17. Qc4 Rd8 18. Ne2 Qf5 19. Rxd4 Be6 20. Qxc7 Rdc8 21. Qxa7 Ra8 22. Qxe7 Qxc2 23. Re1 Qxb2 24. Rd2 Qb6 25. Qd6 Qa5 26. Red1 Bf8 27. Qd3 Bb4 28. Rb2 Bc4 29. Qe4 Ba3 30. Rbd2 Bb4 31. Rb2 Ba3 1/2-1/2